[Event "April 9 Late 2024"]
[Site "Chess.com"]
[Date "2024.04.09"]
[Round "9"]
[White "Playa, Marcelo"]
[Black "Kostiukov, Alexandr"]
[Result "0-1"]
[Board "108"]
[WhiteFideId "102202"]
[BlackFideId "14108100"]
[WhiteTitle "IM"]
[WhiteElo "2344"]
[BlackElo "2252"]
[WhiteTeam "ARG"]
[BlackTeam "UKR"]
[WhiteClock "0:00:00"]
[BlackClock "0:00:04"]
[Variant "Standard"]

1. e4 {[%clk 0:03:00]}  c5 {[%clk 0:02:59]} 2. Nf3 {[%clk 0:02:59]}  g6 {[%clk 0:02:59]} 3. d4 {[%clk 0:02:58]}  cxd4 {[%clk 0:02:59]} 4. Nxd4 {[%clk 0:02:58]}  Nf6 {[%clk 0:02:59]} 5. Nc3 {[%clk 0:02:57]}  Nc6 {[%clk 0:02:59]} 6. Be3 {[%clk 0:02:56]}  Bg7 {[%clk 0:02:59]} 7. Bc4 {[%clk 0:02:56]}  O-O {[%clk 0:02:57]} 8. f3 {[%clk 0:02:51]}  Qb6 {[%clk 0:02:54]} 9. Ncb5 {[%clk 0:02:03]}  Qd8 {[%clk 0:02:10]} 10. Qd2 {[%clk 0:01:57]}  d5 {[%clk 0:02:07]} 11. exd5 {[%clk 0:01:52]}  Nxd5 {[%clk 0:02:03]} 12. Bxd5 {[%clk 0:01:49]}  Qxd5 {[%clk 0:02:02]} 13. Nc7 {[%clk 0:01:48]}  Qe5 {[%clk 0:01:50]} 14. Nxa8 {[%clk 0:01:41]}  Nxd4 {[%clk 0:01:49]} 15. Qxd4 {[%clk 0:01:38]}  Qxd4 {[%clk 0:01:30]} 16. Bxd4 {[%clk 0:01:37]}  Bxd4 {[%clk 0:01:31]} 17. O-O-O {[%clk 0:01:32]}  Be5 {[%clk 0:01:24]} 18. Rhe1 {[%clk 0:01:12]}  Bf4+ {[%clk 0:01:12]} 19. Kb1 {[%clk 0:01:11]}  Be6 {[%clk 0:00:48]} 20. g3 {[%clk 0:01:09]}  Bb8 {[%clk 0:00:26]} 21. f4 {[%clk 0:00:52]}  Rc8 {[%clk 0:00:20]} 22. Rxe6 {[%clk 0:00:37]}  fxe6 {[%clk 0:00:20]} 23. Rd7 {[%clk 0:00:37]}  Bd6 {[%clk 0:00:20]} 24. Rxb7 {[%clk 0:00:29]}  Rxa8 {[%clk 0:00:20]} 25. c3 {[%clk 0:00:27]}  Kf7 {[%clk 0:00:19]} 26. b4 {[%clk 0:00:27]}  h5 {[%clk 0:00:18]} 27. a4 {[%clk 0:00:25]}  h4 {[%clk 0:00:19]} 28. a5 {[%clk 0:00:21]}  h3 {[%clk 0:00:18]} 29. Kc2 {[%clk 0:00:16]}  g5 {[%clk 0:00:18]} 30. Rb5 {[%clk 0:00:13]}  gxf4 {[%clk 0:00:15]} 31. gxf4 {[%clk 0:00:13]}  Rh8 {[%clk 0:00:10]} 32. Rb7 {[%clk 0:00:08]}  Bxf4 {[%clk 0:00:09]} 33. b5 {[%clk 0:00:07]}  Bxh2 {[%clk 0:00:08]} 34. b6 {[%clk 0:00:07]}  axb6 {[%clk 0:00:08]} 35. a6 {[%clk 0:00:07]}  Ra8 {[%clk 0:00:04]} 36. Rxb6 {[%clk 0:00:07]}  Bg3 {[%clk 0:00:02]} 37. Rb5 {[%clk 0:00:04]}  h2 {[%clk 0:00:03]} 38. Rh5 {[%clk 0:00:03]}  Rxa6 {[%clk 0:00:03]} 39. Rh3 {[%clk 0:00:02]}  Ra2+ {[%clk 0:00:02]} 40. Kd3 {[%clk 0:00:02]}  Rg2 {[%clk 0:00:03]} 41. Ke4 {[%clk 0:00:02]}  Rg1 {[%clk 0:00:04]} 42. Kf3 {[%clk 0:00:00]}  h1=Q+ {[%clk 0:00:04]} 0-1

[Event "April 9 Late 2024"]
[Site "Chess.com"]
[Date "2024.04.09"]
[Round "9"]
[White "Demina, Marya"]
[Black "Coe, William"]
[Result "1-0"]
[Board "111"]
[WhiteFideId "4195671"]
[BlackFideId "30913624"]
[WhiteTitle "WFM"]
[WhiteElo "2257"]
[BlackElo "2185"]
[WhiteTeam "RUS"]
[BlackTeam "USA"]
[WhiteClock "0:00:22"]
[BlackClock "0:00:41"]
[Variant "Standard"]

1. d4 {[%clk 0:02:59]}  d5 {[%clk 0:02:59]} 2. c4 {[%clk 0:02:58]}  e6 {[%clk 0:02:59]} 3. Nc3 {[%clk 0:02:58]}  Be7 {[%clk 0:02:59]} 4. Nf3 {[%clk 0:02:58]}  Nf6 {[%clk 0:02:59]} 5. Bg5 {[%clk 0:02:59]}  h6 {[%clk 0:02:58]} 6. Bh4 {[%clk 0:02:59]}  O-O {[%clk 0:02:58]} 7. e3 {[%clk 0:02:59]}  b6 {[%clk 0:02:57]} 8. cxd5 {[%clk 0:02:59]}  exd5 {[%clk 0:02:58]} 9. Bd3 {[%clk 0:02:59]}  Bb7 {[%clk 0:02:59]} 10. O-O {[%clk 0:02:57]}  c5 {[%clk 0:02:58]} 11. Rc1 {[%clk 0:02:58]}  Nbd7 {[%clk 0:02:58]} 12. Bb1 {[%clk 0:02:58]}  Re8 {[%clk 0:02:56]} 13. Re1 {[%clk 0:02:58]}  Rc8 {[%clk 0:02:55]} 14. Bg3 {[%clk 0:02:57]}  Nf8 {[%clk 0:02:50]} 15. Ne5 {[%clk 0:02:55]}  Ne4 {[%clk 0:02:45]} 16. Qf3 {[%clk 0:02:48]}  f6 {[%clk 0:02:18]} 17. Nd3 {[%clk 0:02:44]}  Nxg3 {[%clk 0:02:16]} 18. Qxg3 {[%clk 0:02:29]}  Qd6 {[%clk 0:02:16]} 19. Qg4 {[%clk 0:02:25]}  Qe6 {[%clk 0:02:11]} 20. Qh5 {[%clk 0:02:18]}  Qf7 {[%clk 0:02:01]} 21. Qf3 {[%clk 0:02:17]}  Bd6 {[%clk 0:01:57]} 22. Nb5 {[%clk 0:02:09]}  Bb8 {[%clk 0:01:53]} 23. dxc5 {[%clk 0:02:08]}  bxc5 {[%clk 0:01:51]} 24. Nxc5 {[%clk 0:02:06]}  a6 {[%clk 0:01:44]} 25. Nd4 {[%clk 0:02:03]}  Be5 {[%clk 0:01:30]} 26. Ncb3 {[%clk 0:01:47]}  Ne6 {[%clk 0:01:23]} 27. Nxe6 {[%clk 0:01:31]}  Qxe6 {[%clk 0:01:20]} 28. Bf5 {[%clk 0:01:31]}  Qd6 {[%clk 0:01:11]} 29. Bxc8 {[%clk 0:01:30]}  Rxc8 {[%clk 0:01:06]} 30. Rxc8+ {[%clk 0:01:29]}  Bxc8 {[%clk 0:01:07]} 31. Nd4 {[%clk 0:01:25]}  Bb7 {[%clk 0:01:02]} 32. g3 {[%clk 0:01:01]}  Qb4 {[%clk 0:01:01]} 33. Qe2 {[%clk 0:00:46]}  Bxd4 {[%clk 0:00:56]} 34. exd4 {[%clk 0:00:45]}  Qxd4 {[%clk 0:00:57]} 35. Rd1 {[%clk 0:00:36]}  Qa4 {[%clk 0:00:47]} 36. b3 {[%clk 0:00:33]}  Qc6 {[%clk 0:00:47]} 37. Qf3 {[%clk 0:00:22]}  Qc3 {[%clk 0:00:41]} 38. Qxc3 {[%clk 0:00:22]} 1-0

[Event "April 9 Late 2024"]
[Site "Chess.com"]
[Date "2024.04.09"]
[Round "9"]
[White "Floresvillar Gonzalez, Luis Migu"]
[Black "Ramirez Madrid, Gerardo Alfonso"]
[Result "1-0"]
[Board "112"]
[WhiteFideId "5100542"]
[BlackFideId "6505945"]
[WhiteTitle "CM"]
[BlackTitle "FM"]
[WhiteElo "2139"]
[BlackElo "2255"]
[WhiteTeam "MEX"]
[BlackTeam "CRC"]
[WhiteClock "0:01:46"]
[BlackClock "0:00:58"]
[Variant "Standard"]

1. d4 {[%clk 0:03:00]}  Nf6 {[%clk 0:02:58]} 2. c3 {[%clk 0:03:00]}  g6 {[%clk 0:02:52]} 3. Bg5 {[%clk 0:03:00]}  Bg7 {[%clk 0:02:51]} 4. Nd2 {[%clk 0:02:59]}  d5 {[%clk 0:02:48]} 5. e3 {[%clk 0:02:58]}  b6 {[%clk 0:02:47]} 6. Bd3 {[%clk 0:02:58]}  Bb7 {[%clk 0:02:46]} 7. Ngf3 {[%clk 0:02:56]}  Nbd7 {[%clk 0:02:46]} 8. h4 {[%clk 0:02:53]}  h6 {[%clk 0:02:29]} 9. Bf4 {[%clk 0:02:52]}  Ne4 {[%clk 0:02:25]} 10. Qc2 {[%clk 0:02:44]}  Ndf6 {[%clk 0:02:20]} 11. Ne5 {[%clk 0:02:41]}  O-O {[%clk 0:02:18]} 12. f3 {[%clk 0:02:40]}  Nd6 {[%clk 0:02:17]} 13. g4 {[%clk 0:02:36]}  Nd7 {[%clk 0:01:58]} 14. O-O-O {[%clk 0:02:19]}  c5 {[%clk 0:01:56]} 15. h5 {[%clk 0:01:57]}  g5 {[%clk 0:01:53]} 16. Bg3 {[%clk 0:01:57]}  a6 {[%clk 0:01:42]} 17. f4 {[%clk 0:01:56]}  Ne4 {[%clk 0:01:31]} 18. Nxe4 {[%clk 0:01:52]}  dxe4 {[%clk 0:01:28]} 19. Bxe4 {[%clk 0:01:52]}  Bxe4 {[%clk 0:01:28]} 20. Qxe4 {[%clk 0:01:51]}  Nxe5 {[%clk 0:01:19]} 21. dxe5 {[%clk 0:01:50]}  Qc7 {[%clk 0:01:17]} 22. fxg5 {[%clk 0:01:49]}  hxg5 {[%clk 0:01:16]} 23. h6 {[%clk 0:01:49]}  Bh8 {[%clk 0:01:04]} 24. h7+ {[%clk 0:01:49]}  Kg7 {[%clk 0:01:04]} 25. Rh5 {[%clk 0:01:48]}  f6 {[%clk 0:01:03]} 26. exf6+ {[%clk 0:01:47]}  exf6 {[%clk 0:00:58]} 27. Bxc7 {[%clk 0:01:46]} 1-0

[Event "April 9 Late 2024"]
[Site "Chess.com"]
[Date "2024.04.09"]
[Round "9"]
[White "Cramling Bellon, Anna"]
[Black "Yevchenko, Oleksandr"]
[Result "1-0"]
[Board "114"]
[WhiteFideId "32009232"]
[BlackFideId "14108267"]
[WhiteTitle "WFM"]
[BlackTitle "CM"]
[WhiteElo "2092"]
[BlackElo "2242"]
[WhiteTeam "SWE"]
[BlackTeam "UKR"]
[WhiteClock "0:00:01"]
[BlackClock "0:00:00"]
[Variant "Standard"]

1. d4 {[%clk 0:01:50]}  Nf6 {[%clk 0:02:57]} 2. c4 {[%clk 0:01:50]}  e6 {[%clk 0:02:57]} 3. Nc3 {[%clk 0:01:50]}  Bb4 {[%clk 0:02:57]} 4. Qc2 {[%clk 0:01:51]}  c5 {[%clk 0:02:56]} 5. dxc5 {[%clk 0:01:51]}  Na6 {[%clk 0:02:54]} 6. a3 {[%clk 0:01:50]}  Bxc3+ {[%clk 0:02:29]} 7. Qxc3 {[%clk 0:01:51]}  Nxc5 {[%clk 0:02:29]} 8. f3 {[%clk 0:01:50]}  b6 {[%clk 0:02:22]} 9. Bg5 {[%clk 0:01:49]}  Bb7 {[%clk 0:02:12]} 10. e4 {[%clk 0:01:45]}  h6 {[%clk 0:02:07]} 11. Bxf6 {[%clk 0:01:44]}  Qxf6 {[%clk 0:02:01]} 12. e5 {[%clk 0:01:31]}  Qg6 {[%clk 0:01:54]} 13. b4 {[%clk 0:01:31]}  Na6 {[%clk 0:01:48]} 14. Nh3 {[%clk 0:01:18]}  O-O {[%clk 0:01:36]} 15. Nf4 {[%clk 0:01:14]}  Qg5 {[%clk 0:01:31]} 16. Nh3 {[%clk 0:00:46]}  Qh4+ {[%clk 0:01:27]} 17. g3 {[%clk 0:00:42]}  Qe7 {[%clk 0:01:25]} 18. Bg2 {[%clk 0:00:36]}  Rac8 {[%clk 0:01:11]} 19. Qd3 {[%clk 0:00:35]}  Rfd8 {[%clk 0:01:04]} 20. O-O {[%clk 0:00:34]}  d5 {[%clk 0:01:02]} 21. cxd5 {[%clk 0:00:24]}  Rxd5 {[%clk 0:00:59]} 22. Qe3 {[%clk 0:00:24]}  Rcd8 {[%clk 0:00:47]} 23. f4 {[%clk 0:00:17]}  Rd3 {[%clk 0:00:46]} 24. Qe1 {[%clk 0:00:10]}  Bxg2 {[%clk 0:00:40]} 25. Kxg2 {[%clk 0:00:11]}  Qb7+ {[%clk 0:00:38]} 26. Kg1 {[%clk 0:00:11]}  Nc7 {[%clk 0:00:34]} 27. Nf2 {[%clk 0:00:08]}  Rd2 {[%clk 0:00:31]} 28. Rd1 {[%clk 0:00:08]}  Rxd1 {[%clk 0:00:27]} 29. Nxd1 {[%clk 0:00:09]}  Nd5 {[%clk 0:00:27]} 30. Ne3 {[%clk 0:00:10]}  Ne7 {[%clk 0:00:18]} 31. Qe2 {[%clk 0:00:09]}  Qe4 {[%clk 0:00:17]} 32. Qf3 {[%clk 0:00:08]}  Qd3 {[%clk 0:00:17]} 33. Rd1 {[%clk 0:00:07]}  Qxe3+ {[%clk 0:00:13]} 34. Qxe3 {[%clk 0:00:06]}  Rxd1+ {[%clk 0:00:14]} 35. Kf2 {[%clk 0:00:06]}  Rd7 {[%clk 0:00:12]} 36. g4 {[%clk 0:00:05]}  Nd5 {[%clk 0:00:12]} 37. Qe4 {[%clk 0:00:03]}  g6 {[%clk 0:00:11]} 38. f5 {[%clk 0:00:02]}  gxf5 {[%clk 0:00:06]} 39. gxf5 {[%clk 0:00:03]}  exf5 {[%clk 0:00:05]} 40. Qxf5 {[%clk 0:00:03]}  Re7 {[%clk 0:00:04]} 41. Qg4+ {[%clk 0:00:02]}  Kf8 {[%clk 0:00:03]} 42. Qc8+ {[%clk 0:00:02]}  Re8 {[%clk 0:00:02]} 43. Qc6 {[%clk 0:00:02]}  Ne7 {[%clk 0:00:00]} 44. Qxh6+ {[%clk 0:00:01]} 1-0

[Event "April 9 Late 2024"]
[Site "Chess.com"]
[Date "2024.04.09"]
[Round "9"]
[White "Burke, Paul"]
[Black "Golubenko, Valentina"]
[Result "0-1"]
[Board "116"]
[WhiteFideId "2605767"]
[BlackFideId "4501993"]
[BlackTitle "WGM"]
[WhiteElo "1976"]
[BlackElo "2228"]
[WhiteTeam "CAN"]
[BlackTeam "CRO"]
[WhiteClock "0:00:00"]
[BlackClock "0:02:02"]
[Variant "Standard"]

1. e4 {[%clk 0:02:27]}  g6 {[%clk 0:02:59]} 2. Nc3 {[%clk 0:02:26]}  Bg7 {[%clk 0:02:58]} 3. g3 {[%clk 0:02:26]}  c5 {[%clk 0:02:56]} 4. Bg2 {[%clk 0:02:27]}  d6 {[%clk 0:02:56]} 5. Nge2 {[%clk 0:02:26]}  Nc6 {[%clk 0:02:56]} 6. O-O {[%clk 0:02:27]}  Nf6 {[%clk 0:02:56]} 7. h3 {[%clk 0:02:27]}  O-O {[%clk 0:02:55]} 8. d3 {[%clk 0:02:27]}  a6 {[%clk 0:02:52]} 9. f4 {[%clk 0:02:27]}  b5 {[%clk 0:02:53]} 10. e5 {[%clk 0:02:26]}  dxe5 {[%clk 0:02:48]} 11. Bxc6 {[%clk 0:02:24]}  Bxh3 {[%clk 0:02:48]} 12. Bg2 {[%clk 0:02:17]}  Bxg2 {[%clk 0:02:45]} 13. Kxg2 {[%clk 0:02:17]}  Ng4 {[%clk 0:02:42]} 14. Ne4 {[%clk 0:02:05]}  f5 {[%clk 0:02:38]} 15. Ng5 {[%clk 0:01:53]}  Qd5+ {[%clk 0:02:37]} 16. Nf3 {[%clk 0:01:45]}  Rad8 {[%clk 0:02:32]} 17. Nc3 {[%clk 0:01:42]}  Qc6 {[%clk 0:02:32]} 18. Kg1 {[%clk 0:01:37]}  e4 {[%clk 0:02:28]} 19. Nh4 {[%clk 0:01:28]}  Bd4+ {[%clk 0:02:27]} 20. Kg2 {[%clk 0:01:15]}  exd3+ {[%clk 0:02:27]} 21. Qf3 {[%clk 0:01:13]}  Qxf3+ {[%clk 0:02:15]} 22. Rxf3 {[%clk 0:01:11]}  dxc2 {[%clk 0:02:14]} 23. Ne2 {[%clk 0:00:49]}  Bf6 {[%clk 0:02:10]} 24. a4 {[%clk 0:00:46]}  b4 {[%clk 0:02:09]} 25. Ra2 {[%clk 0:00:15]}  Rd1 {[%clk 0:02:07]} 26. b3 {[%clk 0:00:12]}  Re1 {[%clk 0:02:03]} 27. Rxc2 {[%clk 0:00:00]}  Rd8 {[%clk 0:02:02]} 0-1

[Event "April 9 Late 2024"]
[Site "Chess.com"]
[Date "2024.04.09"]
[Round "9"]
[White "Qian, Ashley"]
[Black "Oliveira, Tiago Batista"]
[Result "1-0"]
[Board "121"]
[WhiteFideId "2636280"]
[BlackFideId "2108291"]
[WhiteTitle "WCM"]
[WhiteElo "2091"]
[BlackElo "2038"]
[WhiteTeam "CAN"]
[BlackTeam "BRA"]
[WhiteClock "0:00:48"]
[BlackClock "0:00:00"]
[Variant "Standard"]

1. Nf3 {[%clk 0:02:56]}  Nf6 {[%clk 0:02:58]} 2. c4 {[%clk 0:02:55]}  c5 {[%clk 0:02:57]} 3. g3 {[%clk 0:02:49]}  Nc6 {[%clk 0:02:56]} 4. Bg2 {[%clk 0:02:49]}  g6 {[%clk 0:02:56]} 5. O-O {[%clk 0:02:47]}  Bg7 {[%clk 0:02:56]} 6. d4 {[%clk 0:02:45]}  cxd4 {[%clk 0:02:54]} 7. Nxd4 {[%clk 0:02:45]}  Nxd4 {[%clk 0:02:53]} 8. Qxd4 {[%clk 0:02:45]}  O-O {[%clk 0:02:54]} 9. Nc3 {[%clk 0:02:45]}  d6 {[%clk 0:02:51]} 10. e4 {[%clk 0:02:45]}  Be6 {[%clk 0:02:50]} 11. Rd1 {[%clk 0:02:33]}  Rc8 {[%clk 0:02:48]} 12. Qxa7 {[%clk 0:02:31]}  b6 {[%clk 0:02:20]} 13. Be3 {[%clk 0:02:28]}  Nd7 {[%clk 0:02:14]} 14. Nd5 {[%clk 0:02:12]}  Bxd5 {[%clk 0:02:00]} 15. cxd5 {[%clk 0:02:10]}  Ra8 {[%clk 0:01:58]} 16. Qb7 {[%clk 0:02:09]}  Bxb2 {[%clk 0:01:44]} 17. Rab1 {[%clk 0:02:08]}  Rxa2 {[%clk 0:01:22]} 18. Rd2 {[%clk 0:02:05]}  Nc5 {[%clk 0:00:16]} 19. Bxc5 {[%clk 0:02:05]}  bxc5 {[%clk 0:00:16]} 20. Rdxb2 {[%clk 0:02:04]}  Ra8 {[%clk 0:00:14]} 21. Qc6 {[%clk 0:02:01]}  Qa5 {[%clk 0:00:13]} 22. Rb7 {[%clk 0:01:58]}  Rfe8 {[%clk 0:00:12]} 23. Rc7 {[%clk 0:01:53]}  Qd2 {[%clk 0:00:12]} 24. h4 {[%clk 0:01:10]}  Kf8 {[%clk 0:00:09]} 25. h5 {[%clk 0:00:53]}  Ra2 {[%clk 0:00:08]} 26. Rf1 {[%clk 0:00:53]}  Rc2 {[%clk 0:00:05]} 27. Rc8 {[%clk 0:00:52]}  Rxc8 {[%clk 0:00:04]} 28. Qxc8+ {[%clk 0:00:52]}  Kg7 {[%clk 0:00:04]} 29. hxg6 {[%clk 0:00:52]}  hxg6 {[%clk 0:00:04]} 30. Qd7 {[%clk 0:00:48]}  Kf8 {[%clk 0:00:02]} 31. Qd8+ {[%clk 0:00:48]}  Kg7 {[%clk 0:00:00]} 32. Qxe7 {[%clk 0:00:48]} 1-0

[Event "April 9 Late 2024"]
[Site "Chess.com"]
[Date "2024.04.09"]
[Round "9"]
[White "Joubert, Dantelle"]
[Black "Filgueira, Hernan"]
[Result "0-1"]
[Board "122"]
[WhiteFideId "14310813"]
[BlackFideId "101770"]
[WhiteTitle "WFM"]
[BlackTitle "IM"]
[WhiteElo "2022"]
[BlackElo "2530"]
[WhiteTeam "RSA"]
[BlackTeam "ARG"]
[WhiteClock "0:00:00"]
[BlackClock "0:01:09"]
[Variant "Standard"]

1. c4 {[%clk 0:02:13]}  e5 {[%clk 0:02:55]} 2. Nc3 {[%clk 0:02:12]}  Nf6 {[%clk 0:02:56]} 3. Nf3 {[%clk 0:02:12]}  Nc6 {[%clk 0:02:56]} 4. g3 {[%clk 0:02:12]}  Bc5 {[%clk 0:02:54]} 5. Bg2 {[%clk 0:02:11]}  a6 {[%clk 0:02:54]} 6. O-O {[%clk 0:02:11]}  d6 {[%clk 0:02:55]} 7. d3 {[%clk 0:01:59]}  h6 {[%clk 0:02:53]} 8. Rb1 {[%clk 0:01:58]}  Ba7 {[%clk 0:02:52]} 9. b4 {[%clk 0:01:54]}  Be6 {[%clk 0:02:51]} 10. Nd2 {[%clk 0:01:44]}  Rb8 {[%clk 0:02:48]} 11. Nd5 {[%clk 0:01:41]}  O-O {[%clk 0:02:43]} 12. e3 {[%clk 0:01:37]}  Bxd5 {[%clk 0:02:40]} 13. cxd5 {[%clk 0:01:36]}  Ne7 {[%clk 0:02:40]} 14. Qb3 {[%clk 0:01:33]}  Qd7 {[%clk 0:02:31]} 15. a4 {[%clk 0:01:27]}  Nh7 {[%clk 0:02:31]} 16. Ba3 {[%clk 0:01:24]}  f5 {[%clk 0:02:30]} 17. Rbc1 {[%clk 0:01:17]}  f4 {[%clk 0:02:29]} 18. exf4 {[%clk 0:00:50]}  exf4 {[%clk 0:02:28]} 19. Ne4 {[%clk 0:00:50]}  Nf5 {[%clk 0:02:23]} 20. Qc4 {[%clk 0:00:46]}  Rbc8 {[%clk 0:02:19]} 21. b5 {[%clk 0:00:45]}  Nd4 {[%clk 0:02:17]} 22. Rfe1 {[%clk 0:00:32]}  axb5 {[%clk 0:02:02]} 23. axb5 {[%clk 0:00:26]}  fxg3 {[%clk 0:01:59]} 24. hxg3 {[%clk 0:00:24]}  Qg4 {[%clk 0:01:44]} 25. Bb2 {[%clk 0:00:21]}  Ne2+ {[%clk 0:01:27]} 26. Rxe2 {[%clk 0:00:15]}  Qxe2 {[%clk 0:01:27]} 27. Qc3 {[%clk 0:00:10]}  Nf6 {[%clk 0:01:15]} 28. Re1 {[%clk 0:00:10]}  Qg4 {[%clk 0:01:12]} 29. Nxf6+ {[%clk 0:00:02]}  Rxf6 {[%clk 0:01:11]} 30. Qd2 {[%clk 0:00:00]}  Rxf2 {[%clk 0:01:09]} 0-1

[Event "April 9 Late 2024"]
[Site "Chess.com"]
[Date "2024.04.09"]
[Round "9"]
[White "Vargas, Mauricio"]
[Black "Mesquita, Eduardo Barbosa"]
[Result "0-1"]
[Board "123"]
[WhiteFideId "4404572"]
[BlackFideId "22757163"]
[WhiteTitle "FM"]
[WhiteElo "1893"]
[BlackElo "2284"]
[WhiteTeam "COL"]
[BlackTeam "BRA"]
[WhiteClock "0:00:00"]
[BlackClock "0:01:43"]
[Variant "Standard"]

1. e4 {[%clk 0:03:00]}  c5 {[%clk 0:02:54]} 2. Nc3 {[%clk 0:02:59]}  a6 {[%clk 0:02:52]} 3. f4 {[%clk 0:03:00]}  e6 {[%clk 0:02:52]} 4. Nf3 {[%clk 0:03:00]}  Nc6 {[%clk 0:02:52]} 5. d3 {[%clk 0:03:00]}  d5 {[%clk 0:02:53]} 6. e5 {[%clk 0:03:00]}  Nh6 {[%clk 0:02:51]} 7. h3 {[%clk 0:03:00]}  Nf5 {[%clk 0:02:50]} 8. g4 {[%clk 0:02:54]}  Ng3 {[%clk 0:02:50]} 9. Rh2 {[%clk 0:02:47]}  Nxf1 {[%clk 0:02:51]} 10. Kxf1 {[%clk 0:02:46]}  Be7 {[%clk 0:02:51]} 11. Ne2 {[%clk 0:02:41]}  O-O {[%clk 0:02:52]} 12. c3 {[%clk 0:02:39]}  f6 {[%clk 0:02:53]} 13. exf6 {[%clk 0:02:37]}  Bxf6 {[%clk 0:02:53]} 14. Qe1 {[%clk 0:02:37]}  e5 {[%clk 0:02:54]} 15. g5 {[%clk 0:02:36]}  Be7 {[%clk 0:02:52]} 16. h4 {[%clk 0:02:22]}  e4 {[%clk 0:02:52]} 17. dxe4 {[%clk 0:02:17]}  dxe4 {[%clk 0:02:53]} 18. Nd2 {[%clk 0:02:09]}  e3 {[%clk 0:02:53]} 19. Nf3 {[%clk 0:02:05]}  Qd5 {[%clk 0:02:52]} 20. Neg1 {[%clk 0:01:55]}  Rxf4 {[%clk 0:02:51]} 21. Qxe3 {[%clk 0:01:39]}  Qc4+ {[%clk 0:02:40]} 22. Kg2 {[%clk 0:01:34]}  Bg4 {[%clk 0:02:33]} 23. b3 {[%clk 0:01:28]}  Qf7 {[%clk 0:02:26]} 24. Qxf4 {[%clk 0:01:26]}  Qh5 {[%clk 0:02:19]} 25. Qe4 {[%clk 0:01:14]}  Rf8 {[%clk 0:02:18]} 26. Bf4 {[%clk 0:01:11]}  Bd6 {[%clk 0:02:12]} 27. Qd5+ {[%clk 0:01:05]}  Kh8 {[%clk 0:02:11]} 28. Qxd6 {[%clk 0:00:54]}  Bxf3+ {[%clk 0:02:10]} 29. Nxf3 {[%clk 0:00:53]}  Qg4+ {[%clk 0:02:11]} 30. Kf2 {[%clk 0:00:43]}  Rxf4 {[%clk 0:02:10]} 31. Qxf4 {[%clk 0:00:18]}  Qxf4 {[%clk 0:02:09]} 32. Re1 {[%clk 0:00:16]}  h5 {[%clk 0:02:09]} 33. Rg2 {[%clk 0:00:14]}  g6 {[%clk 0:01:58]} 34. Rgg1 {[%clk 0:00:07]}  c4 {[%clk 0:01:53]} 35. Re6 {[%clk 0:00:05]}  cxb3 {[%clk 0:01:52]} 36. axb3 {[%clk 0:00:05]}  Qf5 {[%clk 0:01:44]} 37. Rge1 {[%clk 0:00:05]}  Qc2+ {[%clk 0:01:44]} 38. R1e2 {[%clk 0:00:00]}  Qxc3 {[%clk 0:01:43]} 0-1

[Event "April 9 Late 2024"]
[Site "Chess.com"]
[Date "2024.04.09"]
[Round "10"]
[White "Tarhan, Adar"]
[Black "Zierk, Steven"]
[Result "0-1"]
[Board "11"]
[WhiteFideId "34544712"]
[BlackFideId "2034255"]
[WhiteTitle "IM"]
[BlackTitle "GM"]
[WhiteElo "2754"]
[BlackElo "2889"]
[WhiteTeam "TUR"]
[BlackTeam "USA"]
[WhiteClock "0:00:00"]
[BlackClock "0:01:31"]
[Variant "Standard"]

1. e4 {[%clk 0:03:00]}  c5 {[%clk 0:02:59]} 2. Nf3 {[%clk 0:03:00]}  Nc6 {[%clk 0:02:58]} 3. d4 {[%clk 0:03:00]}  cxd4 {[%clk 0:02:58]} 4. Nxd4 {[%clk 0:03:01]}  Nf6 {[%clk 0:02:58]} 5. Nc3 {[%clk 0:03:01]}  d6 {[%clk 0:02:59]} 6. Bg5 {[%clk 0:03:00]}  e6 {[%clk 0:02:59]} 7. Qd2 {[%clk 0:02:58]}  a6 {[%clk 0:02:59]} 8. O-O-O {[%clk 0:02:56]}  Bd7 {[%clk 0:02:59]} 9. f4 {[%clk 0:02:54]}  Be7 {[%clk 0:02:59]} 10. Be2 {[%clk 0:02:39]}  b5 {[%clk 0:02:57]} 11. Bf3 {[%clk 0:01:59]}  Rc8 {[%clk 0:02:54]} 12. Rhe1 {[%clk 0:01:51]}  h6 {[%clk 0:02:44]} 13. Bxf6 {[%clk 0:01:49]}  Bxf6 {[%clk 0:02:45]} 14. Nxc6 {[%clk 0:01:23]}  Bxc6 {[%clk 0:02:42]} 15. Nd5 {[%clk 0:01:23]}  Bxd5 {[%clk 0:02:35]} 16. exd5 {[%clk 0:01:24]}  e5 {[%clk 0:02:35]} 17. Kb1 {[%clk 0:01:08]}  O-O {[%clk 0:02:32]} 18. Be4 {[%clk 0:00:34]}  Rc4 {[%clk 0:02:20]} 19. Bd3 {[%clk 0:00:25]}  Rxf4 {[%clk 0:02:17]} 20. g3 {[%clk 0:00:25]}  Rd4 {[%clk 0:02:15]} 21. c3 {[%clk 0:00:24]}  Rg4 {[%clk 0:02:07]} 22. Bf5 {[%clk 0:00:14]}  Rg5 {[%clk 0:02:05]} 23. g4 {[%clk 0:00:13]}  Re8 {[%clk 0:01:51]} 24. Re4 {[%clk 0:00:08]}  g6 {[%clk 0:01:48]} 25. h4 {[%clk 0:00:07]}  gxf5 {[%clk 0:01:48]} 26. hxg5 {[%clk 0:00:06]}  Bxg5 {[%clk 0:01:48]} 27. Re3 {[%clk 0:00:03]}  fxg4 {[%clk 0:01:45]} 28. Rde1 {[%clk 0:00:01]}  f5 {[%clk 0:01:41]} 29. Qd3 {[%clk 0:00:01]}  e4 {[%clk 0:01:39]} 30. Qd4 {[%clk 0:00:01]}  Bxe3 {[%clk 0:01:39]} 31. Qxe3 {[%clk 0:00:02]}  Qg5 {[%clk 0:01:38]} 32. Qb6 {[%clk 0:00:03]}  Qd2 {[%clk 0:01:33]} 33. Rh1 {[%clk 0:00:00]}  Qxd5 {[%clk 0:01:31]} 0-1